[Event "Roemer op 2nd"]
[Site "Rommelshausen"]
[Date "2002.06.29"]
[Round "2"]
[White "Clamp, Christoph"]
[Black "Sinkovics, Peter"]
[Result "0-1"]
[WhiteElo "2208"]
[BlackElo "2371"]
[PlyCount "44"]
[EventDate "2002.06.28"]
[EventType "swiss"]
[EventRounds "9"]
[EventCountry "GER"]
[SourceTitle "CBM 089 Extra"]
[Source "ChessBase"]
[SourceDate "2002.09.10"]
[SourceVersion "2"]
[SourceVersionDate "2002.09.10"]
[SourceQuality "1"]

1. b3 e5 2. Bb2 Nc6 3. Nf3 e4 4. Nd4 Nxd4 5. Bxd4 d5 6. e3 Nf6 7. Be2 Be7 8. d3 0-0 9. Nd2 a5 10. a4 Re8 11. 0-0 Bf5 12. dxe4 Nxe4 13. Nxe4 dxe4 14. Bc3 Bd6 15. Bc4 Qg5 16. Qd5 Qg6 17. Rfe1 c6 18. Qd2 Rad8 19. Qe2 Bg4 20. Qf1 b6 21. Be2 Bf3 22. Rac1 Bxh2+ 0-1